000 00764nam a22002411a 4500
001 31218
003 BD-RjUL
005 20211209051656.0
008 140413s1940 fr 000 0 fre d
035 _a(BD-RjUL)31305
035 _a(BD-RjUL)
040 _aANL
_beng
_cANL
_dBD-RjUL
041 1 _afre
_hger
082 _a150.1952
_bFRI 1940
100 1 _aFreud, Sigmund,
_d1856-1939.
_994970
245 1 0 _aIntroduction a la psychanalyse /
_cTrad. de l'allemand avec l'autorisation de l'auteur par S. Jankaelaevitch.
260 _aParis :
_bPayot,
_c1940.
300 _a496 p. ;
_c21cm.
490 1 _aBibliothaeque scientifique
650 0 _aPsychoanalysis.
_994971
830 0 _aBibliotheque scientifique (Payot (Firm : Paris, France))
_994974
942 _2ddc
_cBK
999 _c31218
_d31218